| 000 | 00422nam a2200133Ia 4500 | ||
|---|---|---|---|
| 005 | 20260326100046.0 | ||
| 008 | 260326s9999||||xx |||||||||||||| ||und|| | ||
| 100 | _aAliata, Fernando | ||
| 245 | 0 |
_aLa Ciudad regular : _b Arquitectura, Programas e Instituciones en el Buenos Aires posrevoluciónario de 1821-1835 / _cFernando Aliata |
|
| 260 | _bPrometeo | ||
| 300 | _a303 p. | ||
| 650 | _aARQUITECTURA REGIONAL | ||
| 942 | _cBK | ||
| 999 |
_c7180 _d7180 |
||